| 000 | 01405nam a2200373 i 4500 | ||
|---|---|---|---|
| 001 | 196954 | ||
| 003 | ES-MaACL | ||
| 005 | 20250813063346.0 | ||
| 008 | 250227s2005 sp | ||| ||spa | ||
| 016 | 7 |
_abimoBNE20061004140 _2SpMaBN |
|
| 017 |
_aB 24823-2005 _bOficina Depósito Legal Barcelona |
||
| 020 | _a8467213558 | ||
| 035 | _a(OCoLC)433569006 | ||
| 035 | _a(SpMaBN)bimo0002136462 | ||
| 040 |
_aSpMaBN _bspa _cSpMaBN _erdc |
||
| 080 | _a821.111(73)-31"19" | ||
| 100 | 1 |
_aVantrease, Brenda Rickman _9239677 _eaut |
|
| 240 | 1 | 4 |
_aThe Illuminator _lEspañol |
| 245 | 1 | 3 |
_aEl maestro iluminador / _cBrenda Rickman Vantrease ; traducción de Carlos Milla Soler. _h[Texto impreso] |
| 260 |
_aBarcelona : _bCírculo de Lectores, _c[2005]. |
||
| 300 |
_a504 páginas ; _c22 cm |
||
| 336 |
_2rdacontent _atexto |
||
| 337 |
_2rdamedia _asin mediación |
||
| 338 |
_2rdacarrier _avolumen |
||
| 594 | _aTraducción de: The Illuminator | ||
| 655 | 0 |
_9234319 _aNovelas |
|
| 852 |
_aES-MaACL _cDEPOJ _jN-10416 _hDonación: José Lázaro García _xEncuadernación cartoné con sobrecubiertas _9206539 |
||
| 903 |
_9234219 _aLázaro García, José _ednr |
||
| 942 |
_cMONOGRAFIA _n0 |
||
| 999 |
_c196954 _d196954 |
||